000 00461nam a2200181 a 4500
005 20140310183436.0
008 080313s19uu xx 00 eng d
020 _a0743424301
050 _aPZ 7
_b.Od25S41 2002
100 _aOdom, Mel
245 _aTiger tale /
_cMel Odom.
260 _aNew York :
_bSimon Pulse,
_c2002.
300 _a135 p. :
_c18 cm.
440 _aSabrina the teenage witch.
650 _aFiction.
942 _cBK
_2lcc
999 _c22912
_d22912